000 00413nam a2200169Ia 4500
005 20250508162718.0
008 008 250505s9999 xx 000 0 hin d
037 _aTextual
040 _aFEDL
_beng
_cFEDL
041 _ahin
_2eng
084 _aB, TAN
_qFEDL
100 _aSoni
245 0 _aRajshri purushottam das tandan
300 _a75p.
942 _cTEXL
_hB, TAN
999 _c1378238
_d1378238